| 000 | 00551nam a2200169 4500 | ||
|---|---|---|---|
| 001 | 133324 | ||
| 003 | ES-MaACL | ||
| 005 | 20230906194357.0 | ||
| 007 | t| | ||
| 008 | 070214s1956 sp r ||||1| spa d | ||
| 100 | 1 |
_aRubio Sanjuán, Isidoro. _9100446 |
|
| 245 | 1 | 0 |
_aElementos de Hidráulica general y aplicada con motores hidráulicos / _cpor I. Rubio Sanjuán. |
| 250 | _a4ª ed. rev. y ampl. | ||
| 260 |
_aBarcelona [etc.] : _bLabor, _c1956. |
||
| 300 |
_aXI, 619 p. : _bil. ; _c22 cm + _e3 gráf. pleg. |
||
| 852 |
_aES-MaACL _jC-10983 _bR.39219 |
||
| 999 |
_c133324 _d133324 |
||